Guess the Percentage - Whammies - Statistics

General Stats
  • This quiz has been taken 5 times
  • The average score is 7 of 20
Answer Stats
% of Answer % Correct
Iran's population that is Muslim 99%
75%
2024 vehicle sales in the U.S. that were electric or hybrid 20%
50%
New York City's population that is Hispanic 29%
50%
American military service members in the Army 35%
50%
Eligible voters who voted in the 2024 presidential election 64%
50%
European women who have a job 70%
50%
Yearly book sales that are e-books 14%
25%
NFL revenue that is from ticket sales 17%
25%
Global population that watched the 2022 World Cup Final 18%
25%
Countries where same-sex marriage is legal 20%
25%
Federal budget that goes to Social Security 22%
25%
American energy generation that is renewable (including nuclear) 40%
25%
British MPs that are women 41%
25%
Ford sales that are pickup trucks 58%
25%
Total cost of college at a private non-profit that is tuition 66%
25%
Tornado warnings that are false alarms 73%
25%
Recyclable materials that aren't recycled 79%
25%
People who have their wisdom teeth removed 85%
25%
Measles fatalities from un-vaccinated people 99%
25%
Federal revenue that comes from income taxes 51%
0%
No matching quizzes found
Score Distribution
Percent of People with Each Score
Percentile by Number Answered
Your Score History
You have not taken this quiz